Dlhová kríza v eurozóne
Dlhová kríza a jej príčiny. Situácia vo verejných financiách členských štátov EÚ a eurozóny. Fiškálna nerovnováha krajín PIIGS (Portugalsko, Írsko, Taliansko, Grécko, Španielsko). Finančná pomoc ohrozeným krajinám a budúcnosť eurozóny.
Uložené v:
| Hlavný autor: | |
|---|---|
| Médium: | Kapitola |
| Jazyk: | Slovak |
| Predmet: | |
| Tagy: |
Žiadne tagy, Buďte prvý, kto otaguje tento záznam!
|
MARC
| LEADER | 00000naa$a2200000$$$4500 | ||
|---|---|---|---|
| 001 | 0146703 | ||
| 005 | 20221020080952.0 | ||
| 041 | 0 | |a slo | |
| 044 | |a SK | ||
| 245 | 1 | 0 | |a Dlhová kríza v eurozóne |c Ivana Šikulová |
| 520 | |a Dlhová kríza a jej príčiny. Situácia vo verejných financiách členských štátov EÚ a eurozóny. Fiškálna nerovnováha krajín PIIGS (Portugalsko, Írsko, Taliansko, Grécko, Španielsko). Finančná pomoc ohrozeným krajinám a budúcnosť eurozóny. | ||
| 610 | 2 | 0 | |a Európska únia |
| 610 | 2 | 0 | |a eurozóna |
| 610 | 2 | 0 | |a kríza hospodárska |
| 610 | 2 | 0 | |a politika fiškálna |
| 610 | 2 | 0 | |a politika menová |
| 610 | 2 | 0 | |a financie verejné |
| 610 | 2 | 0 | |a bezpečnosť ekonomická |
| 610 | 2 | 0 | |a politika kohézna |
| 610 | 2 | 0 | |a spolupráca medzinárodná |
| 100 | 1 | |a Šikulová, Ivana | |